Frasier Characters by Number of Episodes Quiz Stats

 Plays Quiz not verified by Sporcle

Score 0/27 Timer 08:00
0 Plays Today
# of episodes Character % Correct
263Dr. Frasier Crane
99.4%
263Dr. Niles Crane
99.1%
257Daphne Moon
98.5%
263Martin Crane
98.2%
261Roz Doyle
97.9%
263Eddie
96.1%
53Bulldog Briscoe
94.4%
12Dr. Lilith Sternin
84.3%
29Gil Chesterton
83.4%
42Kenny Daly
83.1%
8Frederick Gaylord Crane
72.4%
15Donny Douglas
64.4%
22Noel Shempsky
64.1%
8Simon Moon
63.8%
# of episodes Character % Correct
11Dr. Mel Karnofsky
63.5%
18Gertrude Moon
63.2%
11Bebe Glazer
59.9%
10Ronee Lawrence
58.8%
6Sherry Dempsey
57.3%
5Kate Costas
54.3%
7Lana Gardner
45.1%
6Charlotte
42.1%
11Alice May Doyle
41.8%
6Kirby
41.8%
8Julia Wilcox
39.2%
12James the Barista
25.2%
5Mrs. Richman
10.7%

You're not logged in!

Compare scores with friends on all Sporcle quizzes.
Join for Free
OR
Log In

You Might Also Like...

Show Comments

Extras

Top Quizzes Today


Score Distribution

Your Account Isn't Verified!

In order to create a playlist on Sporcle, you need to verify the email address you used during registration. Go to your Sporcle Settings to finish the process.

Report this User

Report this user for behavior that violates our Community Guidelines.

Details: